Opera latina / (Record no. 123687)

MARC details
000 -LEADER
campo de control de longitud fija 01131nam a2200253 i 4500
001 - NÚMERO DE CONTROL
campo de control 123687
003 - IDENTIFICADOR DE NÚMERO DE CONTROL
campo de control ES-MaACL
005 - FECHA Y HORA DE LA ÚLTIMA TRANSACCIÓN
campo de control 20250716063259.0
007 - CAMPO FIJO DE DESCRIPCIÓN FÍSICA--INFORMACIÓN GENERAL
campo de control de longitud fija t|
008 - DATOS DE LONGITUD FIJA--INFORMACIÓN GENERAL
campo de control de longitud fija 070214m19591967sp |||| | lat d
100 0# - ENTRADA PRINCIPAL--NOMBRE DE PERSONA
Nombre de persona Ramón Llull,
Títulos y otros términos asociados al nombre Beato,
Fechas asociadas al nombre ca. 1232-1316?
9 (RLIN) 95219
245 10 - MENCIÓN DEL TÍTULO
Título Opera latina /
Mención de responsabilidad, etc. Raimundi Lulli ; edidit Dr. Johannes Stochr.
260 ## - PUBLICACIÓN, DISTRIBUCIÓN, ETC.
Lugar de publicación, distribución, etc. Palmae Maioricarum :
Nombre del editor, distribuidor, etc. Maioricensis Schola Lullistica,
Fecha de publicación, distribución, etc. 1959-1967.
300 ## - DESCRIPCIÓN FÍSICA
Extensión 5 v. ;
Dimensiones 25 cm.
505 8# - NOTA DE CONTENIDO CON FORMATO
Nota de contenido con formato Contiene: v. I: Opera latina 240 - 250 : Opera Messanensia --- v. II: Opera latina 251 - 280 : Opera Tuniciana --- v. III: Opera latina 118 : Liber de Praedicatione : Distinctio I - II A ---- v. IV: Opera latina 118 : Liber de Praedicatione : Distinctio II B : centum sermones --- v. V: Opera latina 154 - 155 : Opera parisiensia : anno MCCCIX composita
700 1# - ENTRADA AGREGADA--NOMBRE PERSONAL
Nombre de persona Stochr, Johannes.
9 (RLIN) 108243
710 2# - ENTRADA AGREGADA--NOMBRE DE ENTIDAD CORPORATIVA
Nombre de entidad corporativa o nombre de jurisdicción como elemento de entrada Maioricensis Schola Lullistica.
9 (RLIN) 5633
740 0# - ENTRADA AGREGADA--TÍTULO RELACIONADO/ANALÍTICO NO CONTROLADO
Título relacionado o analítico no controlado Opera Messanensia.
740 0# - ENTRADA AGREGADA--TÍTULO RELACIONADO/ANALÍTICO NO CONTROLADO
Título relacionado o analítico no controlado Opera Tuniciana.
740 0# - ENTRADA AGREGADA--TÍTULO RELACIONADO/ANALÍTICO NO CONTROLADO
Título relacionado o analítico no controlado Liber de praedicatione.
740 0# - ENTRADA AGREGADA--TÍTULO RELACIONADO/ANALÍTICO NO CONTROLADO
Título relacionado o analítico no controlado Opera Parisiensia.
852 ## - LOCALIZACIÓN
Ubicación ES-MaACL
Número de control de estantería P-626
Holdings
Estatus retirado Estado de pérdida Estado de daño No para préstamo Biblioteca de origen Biblioteca actual Ubicación en estantería Fecha de adquisición Fuente de adquisición Total de préstamos Signatura topográfica completa Código de barras Visto por última vez Precio de reemplazo Tipo de ítem Koha
        Biblioteca del Ateneo de Madrid Biblioteca del Ateneo de Madrid Depósito 2 17/01/2008     P-626 1128868 23/02/2023 23/02/2023 Libro impreso